• AIU
  • Tony Wilmot Memorial Library

So you're going to be a teacher / (Record no. 35542)

MARC details
000 -LEADER
fixed length control field 00858nam a22002651a 4500
001 - CONTROL NUMBER
control field 7027872
005 - DATE AND TIME OF LATEST TRANSACTION
control field 20160401020002.0
008 - FIXED-LENGTH DATA ELEMENTS--GENERAL INFORMATION
fixed length control field 711220s1962 nyu b 001 0 eng
010 ## - LIBRARY OF CONGRESS CONTROL NUMBER
LC control number 61018364
035 ## - SYSTEM CONTROL NUMBER
System control number (OCoLC)184978
040 ## - CATALOGING SOURCE
Original cataloging agency DLC
Transcribing agency ODaWU
Modifying agency PRA
-- DLC
042 ## - AUTHENTICATION CODE
Authentication code premarc
050 00 - LIBRARY OF CONGRESS CALL NUMBER
Classification number LB 1775.F48 1962
Item number LB 1775.F48 1962
100 1# - MAIN ENTRY--PERSONAL NAME
Personal name Filbin, Robert L.
245 10 - TITLE STATEMENT
Title So you're going to be a teacher /
Statement of responsibility, etc Robert L. Filbin, Stefan Vogel.
Medium [Text]
260 ## - PUBLICATION, DISTRIBUTION, ETC. (IMPRINT)
Place of publication, distribution, etc Great Neck, N.Y.
Name of publisher, distributor, etc Barron's Educational Series, Inc.
Date of publication, distribution, etc c1962
300 ## - PHYSICAL DESCRIPTION
Extent 141 p. ;
Dimensions 18 cm.
504 ## - BIBLIOGRAPHY, ETC. NOTE
Bibliography, etc Includes bibliographical references and index.
650 #0 - SUBJECT ADDED ENTRY--TOPICAL TERM
Topical term or geographic name as entry element Teaching.
700 1# - ADDED ENTRY--PERSONAL NAME
Personal name Vogel, Stefan,
Dates associated with a name 1932-
906 ## - LOCAL DATA ELEMENT F, LDF (RLIN)
a 7
b cbc
c oclcrpl
d u
e ncip
f 19
g y-gencatlg
985 ## -
-- OCLC REPLACEMENT cdsdistr
991 ## -
-- c-GenColl
-- LB1775
-- .F48
-- Copy 1
-- OCLCREP
942 00 - ADDED ENTRY ELEMENTS (KOHA)
Koha issues (borrowed), all copies 3
Holdings
Withdrawn status Lost status Source of classification or shelving scheme Damaged status Not for loan Collection code Home library Current library Shelving location Date acquired Cost, normal purchase price Total Checkouts Total Renewals Full call number Barcode Date last seen Date checked out Copy number Price effective from Koha item type
    Library of Congress Classification     General Circulation AIU/NEGST - Tony Wilmot Memorial Library AIU/NEGST - Tony Wilmot Memorial Library General Stacks 11/26/2009 12.00 5 1 LB 1775.F48 1962 R22543P3232 09/02/2019 09/06/2017 1 11/26/2009 Books